000 00500pab a2200181 454500
008 180718b2016 xxu||||| |||| 00| 0 eng d
100 _aNorth, Peter
245 _aMoney reform and the Eurozone crisis: panacea, utopia or grassroots alternative?
260 _c2016
300 _ap.1439-1453.
362 _aSep
650 _aEuropean Union
650 _aCurrencies
650 _aEconomic recession
650 _aMonetary policy
773 _aCambridge Journal of Economics
909 _a112686
999 _c112681
_d112681